000
00287nam a22001337a 4500
008
170601b xxu||||| |||| 00| 0 eng d
020
_a
9781565492608
041
_a
eng
080
_a
94
100
_a
17
101
_a
SHH
245
_a
HUMANITARIRISM
_c
RUTHERFORD.K.R
942
_2
udc
_c
BK
999
_c
15436
_d
15436